Certaine select prayers, gathered out of S. Augustines meditations : whiche he calleth his priuate talke with God. Also his manuell, or booke of the contemplation of Christ.

Bibliographic Details
Uniform Title:De meditatione.
Other Authors: Augustine, Saint, Bishop of Hippo
Format: eBook
Language:English
Published: At London : Printed by Iohn Daye dwellyng ouer Aldersgate. Cum gratia and priuilegio Regiæ Maiestatis, Anno. 1577.
Edition:Newly printed, corrected, and compared with an old auncient written copye.
Series:Early English books online.
Subjects:
Online Access:Connect to the full text of this electronic book

MARC

Tag First Indicator Second Indicator Subfields
LEADER 00000nam a2200000 4500
001 in00004227521
005 20200806094337.0
006 m g d
007 cr bn |||a|bb|
008 900829s1577 enk o 00| | eng d
035 |a (UnM)99836202 
037 |a CL0036000015  |b ProQuest. 789 E. Eisenhower Parkway, Ann Arbor, MI 48108-3218 
040 |a Cu-RivES  |c Cu-RivES  |d CStRLIN  |e dcrb  |d WaOLN 
130 0 |a De meditatione.  |l English. 
245 1 0 |a Certaine select prayers, gathered out of S. Augustines meditations :  |b whiche he calleth his priuate talke with God. Also his manuell, or booke of the contemplation of Christ. 
246 2 |a S. Augustines manuell. 
250 |a Newly printed, corrected, and compared with an old auncient written copye. 
260 |a At London :  |b Printed by Iohn Daye dwellyng ouer Aldersgate. Cum gratia and priuilegio Regiæ Maiestatis,  |c Anno. 1577. 
300 |a 1 online resource ([320] pages) 
336 |a text  |b txt  |2 rdacontent 
337 |a computer  |b c  |2 rdamedia 
338 |a online resource  |b cr  |2 rdacarrier 
500 |a Probably not in fact by Augustine. 
500 |a Signatures: A-U. 
500 |a "S. Augustines manuell, or litle booke of the contemplation of Christ" has separate dated title page (leaf O4); register is continuous. 
500 |a With two final contents leaves. 
500 |a The last leaf is blank. 
500 |a Reproduction of the original in the Henry E. Huntington Library and Art Gallery. 
510 4 |a STC (2nd edition)  |c 926. 
533 |a Electronic reproduction.  |b Ann Arbor, Mich. :  |c UMI,  |d 1999-  |f (Early English books online)  |n Digital version of: (Early English books, 1475-1640 ; 484:09)  |7 s1999 miun s 
650 0 |a Christian life  |x Catholic authors. 
700 0 |a Augustine,  |c Saint, Bishop of Hippo. 
730 0 |a Manuale.  |l English. 
830 0 |a Early English books online. 
856 4 0 |u http://proxy.library.tamu.edu/login?url=https://search.proquest.com/docview/2240912799  |z Connect to the full text of this electronic book  |t 0 
999 f f |s a95098ae-f961-3833-a6fd-13c91e467121  |i d13474bd-cce1-3506-9ec8-8f766941c928  |t 0 
952 f f |a Texas A&M University  |b College Station  |c Electronic Resources  |d Available Online  |t 0  |h No information provided 
998 f f |t 0  |l Available Online